Quizzes
Events
Quiz Creation
Community
Videos
Private Events
Remove Ads
Sign In
Join for FREE
Feedback
Dark Mode
Quiz Categories
Sports
Geography
Music
Movies
Television
Just For Fun
Miscellaneous
History
Literature
Language
Science
Gaming
Entertainment
Religion
Holiday
For Kids
Quiz Lab
Recent
Popular Today
Quiz Kudos Today
Editor Picks
Curator Picks
Quizzes by...
Day
Popularity
Type
Ratings
Length
Year
Community
Subscriptions
Recent Discussions
Orange Saloon
Badges
Playlists
Quests
Create
Leaderboards
Showdown
Live 5
Trivia Bingo
Activity
Puzzle Library
Sporcle Events
Private Events
Virtual Trivia
Globe League
Become a Host
Pub Owners
SporcleCon
Opinionation
Our Games
Videos
Blog
Mobile Apps
Partnerships
Remove Ads and Go Orange
Feedback
Television
TV Characters
TV Show
Sitcom
Network
Friends
Reality Shows
Cast
South Park
Star Trek
The Simpsons
Doctor Who
Television
TV Characters
TV Show
Sitcom
Network
Friends
Reality Shows
Cast
South Park
Star Trek
The Simpsons
Doctor Who
Random Quiz
Search Sporcle
×
Quiz Lab
Quiz Lab
Television
TV Show
Type in answers that appear in a list
Type in answers that appear in a list
Classic
Best Score? Go Orange.
TV show by presenter (UK) Stats
Can you name the UK television shows by it's presenters past and present?
By
smurf90
3m
20 Questions
1,931 Plays
1,931 Plays
1,931 Plays
Comments
Comments
Give Quiz Kudos
Give Quiz Kudos
-
- Ratings
hide this ad
Replay
Link that replays current quiz
Next Quiz
Link to next quiz in quiz playlist
You Got
0%
They Got
Avg Score
36%
Avg Friend Score
Upgrade to see
Score Distribution
Jump to the score distribution portion of the page
Score
0/20
Timer
03:00
0
Plays Today
Presenters
TV show
% Correct
Anthea Turner, Yvette Fielding, Stuart Miles
Blue Peter
84.8%
Jill Dando, Kirsty Young, Nick Ross
Crimewatch
75.7%
Vernon Kay, Max Bygraves, Les Dennis
Family Fortunes
68.5%
Ben Fogle, Michaela Strachan, John Craven
Countryfile
53.2%
Harry Hill, Jonathan Wilkes, Jeremy Beadle
You've been framed
50.9%
Michael Aspel, Angela Ripon, Fiona Bruce
Antiques Roadshow
48.8%
Coleen Nolan, Philip Schofield, John Leslie
This Morning
47.3%
Denise Van Outen, Chris Evans, Kelly Brook
The Big Breakfast
44.9%
Gabby Logan, Jake Humphrey, Des Lynam
Match of the Day
42.4%
Myleene Klass, Matt Allwright,Nadia Sawalha
The One Show
32.8%
Presenters
TV show
% Correct
Caroline Flack, Ian Wright, Ulrika Jonnson
Gladiators
31.5%
Noel Edmonds, Kate Thornton, John Peel
Top of the Pops
24.9%
Diane-
Louise Jordan, Eamonn Holmes, Gavin Peacock
Songs of Praise
23.1%
Christine Bleakley, Holly Willoughby, Stephen Mulhern
Dancing on Ice
20.2%
Kate Garraway, Christopher Biggins, Janet Street-
Porter
Loose Women
18.5%
Vanessa Feltz, Fern Britton, Michael Underwood
GMTV
15.4%
Julia Bradbury, Hugh Scully, Paul Heiney
Watchdog
13%
Bob Monkhouse, Jenni Falconer, Gethin Jones
The National Lottery
12%
Dermot O'Leary, Fearne Cotton, Ben Shephard
Xtra factor
10.9%
Katy Hill, Jon Barrowman, Jamie Theakston
Live and Kicking
6.5%
Quiz Playlist
Details
Report
Send in Message
Add To Playlist
Classic:
Type in answers that appear in a list
Last Updated: May 14, 2017
Quiz Scoreboard
CHALLENGE
Sign Up to Join the Scoreboard
Show All
Scores
Hide
Comments
May contain spoilers
Recently Published
Presidents Visiting Landmarks
by Hejman
History
7m
An Introduction to Baseball
by treessimontrees
Sports
5m
Movies - When Are They Set?
by FPL_Elf
Movies
5m
More to Explore
Quiz From the Vault
Featured Blog Post
Where Did the Easter Bunny Come From?
hide this ad
You Might Also Like...
Tags
TV Show Quiz
1990s
Presenter
UK
Today's Top Quizzes in Television
Browse Television
hide this ad
Today's Top Quizzes in TV Show
Browse TV Show
Top Contributed Quizzes in Television
1
5-to-1: The Simpsons Families
2
One Piece Logic Puzzle
3
5-to-1: Television Doctors
4
7-to-1: TV Show Settings
5
5-to-1: Streaming Originals
6
Survivor Logic Puzzle: Heroes vs. Villains
7
Survivor Seasons
8
Survivor Season by Logo
9
One Thing in Common: Television
10
Survivor Trivia
Explore More
Trending Topics
NBA
Crossword
Marvel
Harry Potter
Anime
Disney
Kpop
Song
Country
Puzzle
WWE
Pokémon
The Office
Soccer
NFL
hide this ad
More By:
smurf90
Quiz
Plays
Rating
Category
Featured
Created
TV show by presenter (UK)
1,931
5.00
Television
Dec 30, 2011
Royal Family Minefield
817
2.67
History
Jun 5, 2012
90s kids TV (UK)
664
5.00
Television
Dec 30, 2011
Harry Potter middle names
164
4.33
Literature
May 22, 2012
Go to Creator's Profile
Score Distribution
Quiz Creator Spotlight
smurf90
Follow
Send a Message
Quizzes Created
-
Created Quiz Play Count
-
More By This Creator
Popular Quizzes Today
1
Find the US States - No Outlines Minefield
2
Find the Countries of Europe - No Outlines Minefield
3
The Countries of the World
4
Find the US States
5
Popular People in 1961
6
US States
7
Risky Map Clicking: Biggest States A-Z
8
Movies - When Are They Set?
More Television Quizzes
Actors in Multiple NBC TV Shows
Published
Trending Quizzes
Risky Map Clicking: Least Populous States A-Z
1-10 Letter G Words
1-10 Letter F Words
Risky Map Clicking: Next State Alphabetically
Risky Map Clicking: Biggest States A-Z
Recently Updated
Leaping Animals
pecheneg
Reality TV Shows (A-Z)
bhenderson79
Rickey Henderson's Hall of Fame Teammates
pecheneg
Champions League XIs: Arsenal
pecheneg
Quick Pick: Celebrities in WWE's Hall of Fame
aduchscher
A-Z Keypad Blitz II
pecheneg
Multiple Oscar Actors
pecheneg
Mystery Phrase Blitz: Oscar 'Best Actors'
pecheneg
F. Scott Fitzgerald Novels
LTH
Pick 3 Villains
ddd62291
Trending Topics
Anime
NBA
Kpop
Marvel
Disney
Harry Potter
Crossword
Song
NFL
WWE
The Office
Soccer
Puzzle
Country
Pokémon
Your Account Isn't Verified!
In order to create a playlist on Sporcle, you need to verify the email address you used during registration. Go to your
Sporcle Settings
to finish the process.
Report this User
Report this user for behavior that violates our
Community Guidelines
.
Details:
Send Report
Go to the Sporcle.com Mobile Site →
Comments